<?xml version="1.0" encoding="UTF-8"?>
<collection xmlns="http://www.loc.gov/MARC21/slim">
 <record>
  <leader>01453nam a22002057a 4500</leader>
  <controlfield tag="001">NCT_141889</controlfield>
  <controlfield tag="008">221001b        xxu||||| |||| 00| 0 vie d</controlfield>
  <datafield tag="999" ind1=" " ind2=" ">
   <subfield code="c">7304</subfield>
   <subfield code="d">7304</subfield>
  </datafield>
  <datafield tag="020" ind1=" " ind2=" ">
   <subfield code="c">80000</subfield>
   <subfield code="a">9786041141193</subfield>
  </datafield>
  <datafield tag="082" ind1="0" ind2="4">
   <subfield code="2">23rd ed.</subfield>
   <subfield code="a">158.1</subfield>
   <subfield code="b">T667</subfield>
  </datafield>
  <datafield tag="100" ind1="0" ind2=" ">
   <subfield code="a">Tony buổi sáng</subfield>
  </datafield>
  <datafield tag="245" ind1="1" ind2="0">
   <subfield code="a">Trên đường băng</subfield>
   <subfield code="c">Tony buổi sáng</subfield>
  </datafield>
  <datafield tag="250" ind1=" " ind2=" ">
   <subfield code="a">In lần thứ 21</subfield>
  </datafield>
  <datafield tag="260" ind1=" " ind2=" ">
   <subfield code="a">Thành phố Hồ Chí Minh</subfield>
   <subfield code="b">Trẻ</subfield>
   <subfield code="c">2019</subfield>
  </datafield>
  <datafield tag="300" ind1=" " ind2=" ">
   <subfield code="a">308 tr.</subfield>
   <subfield code="c">20cm</subfield>
  </datafield>
  <datafield tag="500" ind1=" " ind2=" ">
   <subfield code="a">Trên đường băng là tập hợp những bài viết được ưa thích trên Facebook của Tony Buổi Sáng. Nhưng khác với một tập tản văn thông thường, nội dung các bài được chọn lọc có chủ đích, nhằm chuẩn bị về tinh thần, kiến thức...cho các bạn trẻ vào đời. Sách gồm 3 phần: &quot;Chuẩn bị hành trang&quot;, &quot;Trong phòng chờ sân bay&quot; và &quot;Lên máy bay&quot;, tương ứng với những quá trình một bạn trẻ phải trải qua trước khi &quot;cất cánh&quot; trên đường băng cuộc đời, bay vào bầu trời cao rộng.</subfield>
  </datafield>
  <datafield tag="653" ind1=" " ind2=" ">
   <subfield code="a">Sách tham khảo</subfield>
  </datafield>
  <datafield tag="942" ind1=" " ind2=" ">
   <subfield code="2">ddc</subfield>
   <subfield code="c">BK</subfield>
  </datafield>
  <datafield tag="952" ind1=" " ind2=" ">
   <subfield code="0">0</subfield>
   <subfield code="1">0</subfield>
   <subfield code="2">ddc</subfield>
   <subfield code="4">0</subfield>
   <subfield code="6">158_100000000000000_T667</subfield>
   <subfield code="7">0</subfield>
   <subfield code="9">26325</subfield>
   <subfield code="a">000001</subfield>
   <subfield code="b">000001</subfield>
   <subfield code="d">2022-10-03</subfield>
   <subfield code="o">158.1 T667</subfield>
   <subfield code="p">TK.03050</subfield>
   <subfield code="r">2022-10-03</subfield>
   <subfield code="v">80000.00</subfield>
   <subfield code="w">2022-10-03</subfield>
   <subfield code="y">BK</subfield>
  </datafield>
  <datafield tag="980" ind1=" " ind2=" ">
   <subfield code="a">Thư viện Trường Đại học Nam Cần Thơ</subfield>
  </datafield>
 </record>
</collection>
